000 002900000a22001330004500
003 MACL
040 _aMACL
090 _c32477
_d32475
100 _aSharma
245 _aEver Latest General Knowledge
260 _bKumar Publication
_c2003
650 _aGeneralities
942 _cBOOK
_k001/Kum
999 _c32147
_d32147